000 00508nam a2200181Ia 4500
001 1046
005 20260306140603.0
008 260306t1986||||xx |||||||||||||| ||spa||
041 _aESP
082 _a180
_bF81 T. 2-2
100 _aFraile, Guillermo
_eAUT
245 0 _aHistoria de la filosofía II (2.º):
_bfilosofía judía y musulmana. Alta escolástica: desarrollo y decadencia
260 _c1986
300 _a610 páginas :
_c20 cm.
650 _aGEN
654 _aCHU
942 _cLIB
_dJUS
_fJUS
_2ddc
_n
999 _c1046
_d1046